000 00470nam a2200169 4500
003 CO-ViMGA
020 _a978-958-8948-19-5
040 _aCO-ViMGA
_bspa
_cCO-ViMGA
082 0 4 _aCo863.5
_bS45h
100 1 _aSilva Romero, Ricardo
_92548
245 1 0 _aHistoria oficial del amor /
_cRicardo Silva Romero.
250 _a1a. ed.
260 _aBogotá :
_bAlfaguara,
_c2016.
300 _a540 p. ;
_b 24 cm.
650 1 4 _aNovela colombiana
_ySiglo XXI
_92549
942 _2ddc
_cBK
999 _c8420
_d8420